Quản lý môi trường cho sự phát triển bền vững / Lưu Đức Hải, Nguyễn Ngọc Sinh.

Đã lưu trong:
书目详细资料
格式: 图书
出版: Đại học quốc gia Hà Nội 2000
标签: 添加标签
没有标签, 成为第一个标记此记录!
Thư viện lưu trữ: Mạng thư viện Đại học Đà Nẵng
LEADER 00528nam a22001811a 4500
001 000035620
003 11907
005 20160318111210.0
008 160318s2000 000
082 |a 363.7 
245 |a Quản lý môi trường cho sự phát triển bền vững / Lưu Đức Hải, Nguyễn Ngọc Sinh. 
260 |a Đại học quốc gia Hà Nội  |c 2000 
OWN |a LNN 
999 |a From the UDN01 
TYP |a Monograph 
980 |a Mạng thư viện Đại học Đà Nẵng